Síntesis de programación 1976

Guardat en:
Dades bibliogràfiques
Autor corporatiu: Costa Rica. Ministerio de Cultura, Juventud y Deportes. Movimiento Nacional de Juventudes
Format: Text
Publicat: San José: MNJ
Etiquetes: Afegir etiqueta
Sense etiquetes, Sigues el primer a etiquetar aquest registre!

MARC

LEADER 00000 a a2200000 04500
001 17102
003
040
090 |a 007700  
110 |a Costa Rica. Ministerio de Cultura, Juventud y Deportes. Movimiento Nacional de Juventudes  
245 |a Síntesis de programación 1976  
260 |a San José:   |b MNJ  
300 |a 80 p.  
999 |c 9269  |d 9269